Trồng nho

Giới thiệu về tình hình trồng nho trong nước, khí hậu và đất đai, nhân giống nho, kỹ thuật trồng và biện pháp phòng trừ sâu bệnh

שמור ב:
מידע ביבליוגרפי
פורמט: ספר
שפה:Undetermined
יצא לאור: Hà Nội Nông nghiệp 2006
נושאים:
תגים: הוספת תג
אין תגיות, היה/י הראשונ/ה לתייג את הרשומה!
Thư viện lưu trữ: Trung tâm Học liệu Trường Đại học Cần Thơ
LEADER 00718nam a2200193Ia 4500
001 CTU_151539
008 210402s9999 xx 000 0 und d
020 |c 20000 
082 |a 634.8 
082 |b Tr455 
245 0 |a Trồng nho 
245 0 |c Phạm Hữu Nhượng...[et al.] 
260 |a Hà Nội 
260 |b Nông nghiệp 
260 |c 2006 
520 |a Giới thiệu về tình hình trồng nho trong nước, khí hậu và đất đai, nhân giống nho, kỹ thuật trồng và biện pháp phòng trừ sâu bệnh 
650 |a Tropical fruit,Grapes,Cây ăn quả 
904 |i Năm 
980 |a Trung tâm Học liệu Trường Đại học Cần Thơ